<?xml version="1.0" encoding="UTF-8"?><?xml-stylesheet type="text/xsl" href="static/style.xsl"?><OAI-PMH xmlns="http://www.openarchives.org/OAI/2.0/" xmlns:xsi="http://www.w3.org/2001/XMLSchema-instance" xsi:schemaLocation="http://www.openarchives.org/OAI/2.0/ http://www.openarchives.org/OAI/2.0/OAI-PMH.xsd"><responseDate>2026-04-13T02:46:29Z</responseDate><request verb="GetRecord" identifier="oai:www.recercat.cat:2117/191293" metadataPrefix="marc">https://recercat.cat/oai/request</request><GetRecord><record><header><identifier>oai:recercat.cat:2117/191293</identifier><datestamp>2025-07-16T23:07:41Z</datestamp><setSpec>com_2072_1033</setSpec><setSpec>col_2072_452949</setSpec></header><metadata><record xmlns="http://www.loc.gov/MARC21/slim" xmlns:dcterms="http://purl.org/dc/terms/" xmlns:xsi="http://www.w3.org/2001/XMLSchema-instance" xmlns:doc="http://www.lyncode.com/xoai" xsi:schemaLocation="http://www.loc.gov/MARC21/slim http://www.loc.gov/standards/marcxml/schema/MARC21slim.xsd">
   <leader>00925njm 22002777a 4500</leader>
   <datafield ind2=" " ind1=" " tag="042">
      <subfield code="a">dc</subfield>
   </datafield>
   <datafield ind2=" " ind1=" " tag="720">
      <subfield code="a">Astafev, Vladimir I.</subfield>
      <subfield code="e">author</subfield>
   </datafield>
   <datafield ind2=" " ind1=" " tag="720">
      <subfield code="a">Kasatkin, Andrey E.</subfield>
      <subfield code="e">author</subfield>
   </datafield>
   <datafield ind2=" " ind1=" " tag="260">
      <subfield code="c">2015</subfield>
   </datafield>
   <datafield ind2=" " ind1=" " tag="520">
      <subfield code="a">Prediction of the motion of the oil-water contact boundary has great importance in&#xd;
the problems of design of oilfield development by waterflooding: knowledge of the nature of&#xd;
coupled motion of oil and water, displacing oil in the reservoir allows us to optimize the&#xd;
system of oil field development. The simplest model of coupled filtering of oil and water is&#xd;
the model of "multicolored" liquids, which assumes that oil and water have the same or&#xd;
similar physical properties (density and viscosity).&#xd;
In this paper we consider a more complex "piston-like" model of oil-water displacement,&#xd;
which takes into account differences in viscosity and density of the two fluids. Oil reservoir&#xd;
assumed to be homogeneous and infinite, fixed thickness, with constant values of porosity&#xd;
and permeability coefficients. It is assumed that the reservoir is developed by a group of a&#xd;
finite number of production and injection wells recurrent in two directions (doubly-periodic&#xd;
cluster). Filtration of liquids is described by Darcy's law. It is assumed, that both fluids are&#xd;
weakly compressible and the pressure in the reservoir satisfies the quasi-stationary diffusion&#xd;
equation.&#xd;
Piston-like displacement model leads to the discontinuity of the tangential component of&#xd;
the velocity vector at the boundary of oil-water contact. Use of the theory of elliptic functions&#xd;
in conjunction with the generalized Cauchy integrals reduces the problem of finding the&#xd;
current boundaries of oil-water contact to the system of singular integral equations for the&#xd;
tangential and normal components of the velocity vector and the Cauchy problem for the&#xd;
integration of the differential equations of motion of the boundary of oil-water contact.&#xd;
An algorithm for the numerical solution of this problem is developed. The monitoring of&#xd;
oil-water boundary motion for different schemes of waterflooding (linear row, four-point,&#xd;
five-point, seven-point, nine-point, etc.) is carried out.</subfield>
   </datafield>
   <datafield tag="653" ind2=" " ind1=" ">
      <subfield code="a">Àrees temàtiques de la UPC::Matemàtiques i estadística::Anàlisi numèrica::Mètodes en elements finits</subfield>
   </datafield>
   <datafield tag="653" ind2=" " ind1=" ">
      <subfield code="a">Finite element method</subfield>
   </datafield>
   <datafield tag="653" ind2=" " ind1=" ">
      <subfield code="a">Coupled problems (Complex systems) -- Numerical solutions</subfield>
   </datafield>
   <datafield tag="653" ind2=" " ind1=" ">
      <subfield code="a">Mathematical modeling, Piston-like oil displacement, Weierstrass elliptic functions, Singular integral equation</subfield>
   </datafield>
   <datafield tag="653" ind2=" " ind1=" ">
      <subfield code="a">Elements finits, Mètode dels</subfield>
   </datafield>
   <datafield ind2="0" ind1="0" tag="245">
      <subfield code="a">Modeling and numerical calculation of piston-like oil displacement for doubly-periodic systems of oil fields development</subfield>
   </datafield>
</record></metadata></record></GetRecord></OAI-PMH>